| 000 | 01023cam a2200325 a 4500 | ||
|---|---|---|---|
| 001 | 517864 | ||
| 003 | ARRUPE | ||
| 005 | 20140922171741.0 | ||
| 008 | 861118s1987 pau b 001 0 eng | ||
| 010 | _a 86030048 | ||
| 020 |
_a0877224803 (alk. paper) : _c$29.95 |
||
| 040 |
_aDLC _cDLC _dDLC |
||
| 050 | 0 | 0 |
_aPN49 _b.N64 1987 |
| 082 | 0 | 0 |
_a801/.3 _219 |
| 100 | 1 |
_aNovitz, David. _911421 |
|
| 245 | 1 | 0 |
_aKnowledge, fiction & imagination / _cDavid Novitz. |
| 260 |
_aPhiladelphia : _bTemple University Press, _c1987. |
||
| 300 |
_axiii, 262 p. ; _c24 cm. |
||
| 504 | _aIncludes bibliographical references. | ||
| 650 | 0 |
_aLiterature _xPhilosophy. _911422 |
|
| 650 | 0 |
_aImagination (Philosophy) _911423 |
|
| 650 | 0 |
_aKnowledge, Theory of. _911424 |
|
| 650 | 0 |
_aHermeneutics. _911425 |
|
| 650 | 0 |
_aRomanticism. _99129 |
|
| 650 | 0 |
_aFiction. _911426 |
|
| 650 | 0 |
_aMetaphor. _911427 |
|
| 740 | 0 | _aKnowledge, fiction, and imagination. | |
| 906 |
_a7 _bcbc _corignew _d1 _eocip _f19 _gy-gencatlg |
||
| 942 |
_2lcc _cMONOGRAPH |
||
| 999 |
_c120886 _d120886 |
||